| 000 | 00552nam a2200205Ia 4500 | ||
|---|---|---|---|
| 005 | 20250813120628.0 | ||
| 008 | 191130s2006##################000#0#eng## | ||
| 020 |
_a9780340930359 _qpbk |
||
| 041 | _aeng | ||
| 082 | _a823.914 JAR | ||
| 100 | _aJarvis, Robin | ||
| 245 |
_aThe crystal prison _cRobin Jarvis |
||
| 260 |
_aLondon _bHodder Children’s Books _c2006 |
||
| 300 | _axiii, 288 p | ||
| 650 | _aConduct of life - Fiction | ||
| 650 | _aMice - Fiction | ||
| 650 | _aRats - Fiction | ||
| 650 | _aSupernatural - Fiction | ||
| 942 | _cENGLISH | ||
| 999 |
_c302989 _d302989 |
||